Hampi : (Record no. 63762)

MARC details
000 -LEADER
fixed length control field 01986nam a22003377a 4500
005 - DATE AND TIME OF LATEST TRANSACTION
control field 20120305123314.0
010 ## - LCCN (DPL NO)
LC control number ENG-104863 B-489197-200
020 ## - INTERNATIONAL STANDARD BOOK NUMBER
International Standard Book Number 9788189738648
Terms of availability 995.00
035 ## - SYSTEM CONTROL NUMBER
System control number EN-88396 B-489197-200
037 ## - SOURCE OF ACQUISITION
Source of stock number/acquisition DBAD/PUB
037 ## - SOURCE OF ACQUISITION
Source of stock number/acquisition KBD/
082 ## - DEWEY DECIMAL CLASSIFICATION NUMBER
Classification number 954.87
100 ## - MAIN ENTRY--PERSONAL NAME
Personal name Sen Gupta, Subhadra
245 ## - TITLE STATEMENT
Title Hampi :
Statement of responsibility, etc by Subhadra Sen Gupta ; edited by Madhuparna Banerjee ; photographed by Clare Arni
Remainder of title discover the splendours of Vijayanagar /
260 ## - PUBLICATION, DISTRIBUTION, ETC. (IMPRINT)
Place of publication, distribution, etc New Delhi
Name of publisher, distributor, etc Niyogi Books
Date of publication, distribution, etc 2011
270 ## - ADDRESS
Address D-78, Okhla Industrial Area, Phase-I
City New Delhi
Postal code 110020
300 ## - PHYSICAL DESCRIPTION
Extent 262p. :
Dimensions 24cm(Hb)
Other physical details col. ill., maps
500 ## - GENERAL NOTE
General note "A world heritage site"--Cover.
500 ## - GENERAL NOTE
General note Includes bibliographical references (p. [253]) and index.
650 ## - SUBJECT ADDED ENTRY--TOPICAL TERM
Topical term or geographic name as entry element Monuments
Geographic subdivision India
-- Hampi.
650 ## - SUBJECT ADDED ENTRY--TOPICAL TERM
Topical term or geographic name as entry element Architecture, Vijayanagara
Geographic subdivision India
-- Hampi.
700 ## - ADDED ENTRY--PERSONAL NAME
Personal name Banerjee, Madhuparna
9 (RLIN) 43435
700 ## - ADDED ENTRY--PERSONAL NAME
Personal name Arni, Clare.
9 (RLIN) 43436
942 ## - ADDED ENTRY ELEMENTS (KOHA)
Source of classification or shelving scheme Dewey Decimal Classification
Item type English Books
Classification part 954.87
Call number suffix SEN
Holdings
Withdrawn status Lost status Not for loan Collection code Home library Current library Date acquired Source of acquisition Cost, normal purchase price Full call number Barcode Copy number Cost, replacement price Koha item type
    Not For Loan Reference Central Library Central Library 21/01/2013 KBD/BL9/27.12.2012/121/27.12.2012/08.01.2012 995.00 954.87 SEN B-489197 1 995.00 English Books
    Not For Loan Non-fiction D.B.Act.Division D.B.Act.Division 05/03/2012 DBAD/PUB 995.00 954.87 SEN EN-88396 1 995.00 English Books
    Not For Loan Reference Janak Puri Janak Puri 21/01/2013 KBD/BL9/27.12.2012/121/27.12.2012/08.01.2012 995.00 954.87 SEN B-489199 1 995.00 English Books
      Reference Patel Nagar Patel Nagar 21/01/2013 KBD/BL9/27.12.2012/121/27.12.2012/08.01.2012 995.00 954.87 SEN B-489198 1 995.00 English Books
    Not For Loan Reference Sarojini Nagar Sarojini Nagar 21/01/2013 KBD/BL9/27.12.2012/121/27.12.2012/08.01.2012 995.00 954.87 SEN B-489200 1 995.00 English Books

© Delhi Public Library
Hit Counter
free hit counter